00479nam a22001697a 4500003000400000008004100004020001800045082002000063100002400083245005900107260004500166300001900211650002200230650002700252650001200279700001800291OSt260221b2025 |||||||| |||| 00| 0 eng d a9789355329684 a658.4063bMAG-D aMagoo, Sanjay Kumar aDesign thinking /cSanjay kumar magoo and Rakesh Gupta aChennai :bMcGraw Hill Education,c2025. axxii, I-5 p. ; aCreative thinking a Industrial management aDesign  aGupta, Rakesh